LEADER 01032nam1-2200361---450- 001 990000949790203316 005 20090615125236.0 035 $a0094979 035 $aUSA010094979 035 $a(ALEPH)000094979USA01 035 $a0094979 100 $a20020206d--------km-y0itay50------ba 101 0 $aita 102 $aIT 105 $a||||||||001yy 200 1 $a<> teatro del 20. secolo$fa cura di Nicola Savarese 210 $aRoma [etc.]$cLaterza 215 $av.$d21 cm 606 0 $aTeatro$zSec. 20.$2BNCF 676 $a792.0904 702 1$aSAVARESE,$bNicola 801 0$aIT$bsalbc$gISBD 912 $a990000949790203316 951 $aXIII.1.B. 779/(Varie Coll. 552/)$bL.M.$cXIII.1. 959 $aBK 969 $aUMA 979 $aPATTY$b90$c20020206$lUSA01$h1602 979 $aPATTY$b90$c20020325$lUSA01$h1229 979 $c20020403$lUSA01$h1737 979 $aPATRY$b90$c20040406$lUSA01$h1705 979 $aANNAMARIA$b90$c20090615$lUSA01$h1252 996 $aTeatro del 20. secolo$9973111 997 $aUNISA LEADER 01014cam0-2200325---450 001 990008612420403321 005 20230906113635.0 010 $a978-88-6036-117-2 100 $a20080207d2007----km-y0itay50------ba 101 1 $aita 102 $aIT 105 $ay-------001yy 200 1 $aStoria degli italiani in Argentina$fFernando J. Devoto$gtraduzione di Federica Bertagna 210 $aRoma$cDonzelli$d2007 215 $aIX, 501 p.$d22 cm 225 1 $aSaggi$iStoria e scienze sociali 454 0$12001$aHistoria de los italianos en la Argentina$935291 610 0 $aImmigrati italiani$aArgentina$aSec. 19.-20. 676 $a305.8510$v21 700 1$aDevoto,$bFernando J.$0122080 702 1$aBertagna,$bFederica 801 0$aIT$bUNINA$gREICAT$2UNIMARC 901 $aBK 912 $a990008612420403321 952 $aXIV B 2024$b43047$fFSPBC 952 $aDFT D75 DEVF 01$fFLFBC 959 $aFSPBC 959 $aFLFBC 996 $aHistoria de los italianos en la Argentina$935291 997 $aUNINA